| 000 | 00394nam a2200157Ia 4500 | ||
|---|---|---|---|
| 008 | 151213s9999 xx 000 0 und d | ||
| 100 | _aDavid K. Cheng | ||
| 245 |
_aField and Wave Electromagnetic _cDavid K. Cheng |
||
| 250 | _a2nd | ||
| 260 |
_aNew Delhi _bPearson Education _c1989 |
||
| 300 | _a8609 p. | ||
| 650 | _aE.E.E. | ||
| 650 | _ascience | ||
| 700 | _aDavid K. Cheng | ||
| 999 |
_c4403 _d4403 |
||